Geometry Dash A-Z - Statistics

General Stats
  • This quiz has been taken 79 times
  • The average score is 16 of 26
Answer Stats
Letter Hint Answer % Correct
B Arguably the most famous level in the game, extreme demonverified by knobbleboy as a sequel to another famous level Bloodlust
89%
E RobTop level added in the 1.7 update Electrodynamix
85%
J The last Robtop level that was in the 1.0 release of the game Jumper
85%
C Player who rivaled Riot in his prime but later confessed tohacking Cyclic
79%
S Verifier of Sonic Wave sunix
79%
G First level in Mindcap's Greek letter series Gamma
74%
U Sequel to Supersonic Ultrasonic
72%
F Supposedly the level that was top 1 for the least amount of time,being a top 1 for about 12 seconds before being dethroned. Firework
70%
Y Level infamous for being nerfed by the verifier Yatagarasu
69%
Z Top 1 demon that was speedhacked in an illegitimate verificationthat led to the pointercrate list team requiring clicks for records Zodiac
69%
I 1.6 level by Roadbose that was the hardest demon until 1.9 whenanother legendary level dethroned it. Ice Carbon Diablo X
67%
D Famous creator known for making levels that inspired the UFOand wave gamemodes, also made levels like Chaoz Impact and the most liked and downloaded wave challenge. Darnoc
66%
N First player to beat the entire pointercrate main list nSwish
62%
P Level verified by Krmal (Krazyman50 at the time) that was harderthan Bloodbath, the top 1 at the time, but was never placed at #1 Phobos
61%
L Verifier of Silent Club Luqualizer
54%
Q First victor of Bloodbath Quasar
54%
X The only extreme demon starting with X xo
51%
R Oldest level that is currently an extreme demon on the servers Red World
49%
V Extreme demon made by Nisha, hardest solo level as of 5/29/22and it was inspired by a legendary 1.9 demon. Verdant Landscape
46%
K 46 second long extreme demon whose rate caused lots ofcontroversy, even leading to Robtop temporarily unrating it. kowareta
44%
H Old level made in 1.6 to surpass the perceived skill cap that stillstands in the top 10 on Pointercrate Hard Machine
43%
W Famous BlassCFB level that would have been the hardest demonby far at the time, but is still not rated to this day. WcropoliX
43%
M Simplistic, long memory demon on weoweoteo's account, verifiedby the above player Marathon
38%
O Extreme demon with the least gamemodes On1y Cub3
36%
A Series of three megacollabs hosted by GoodSmile. Audio Series
34%
T Player whose account Crimson Planet is on TrueOmega
33%
No matching quizzes found
Score Distribution
Percent of People with Each Score
Percentile by Number Answered
Your Score History
You have not taken this quiz